En el país de Jesús: viaje a Tierra Santa
Saved in:
| Hovedforfatter: | |
|---|---|
| Format: | Bog |
| Sprog: | spansk |
| Udgivet: |
Bilbao
Mensajero
1989
|
| Fag: | |
| Tags: |
Tilføj Tag
Ingen Tags, Vær først til at tagge denne postø!
|
MARC
| LEADER | 00000nam a2200000 a 4500 | ||
|---|---|---|---|
| 001 | UCX0208 | ||
| 003 | CL-VaPUC | ||
| 008 | 890828e19890000SP |||||||||||||||||spa|d | ||
| 020 | |a 8427115652 | ||
| 082 | 0 | 4 | |a 275.69 |b LUM |2 21 |
| 100 | |a Lumbreras Meabe, Juan María |e autor |9 315590 | ||
| 245 | 1 | 0 | |a En el país de Jesús: viaje a Tierra Santa |
| 300 | |a 291 p | ||
| 942 | |c BK | ||
| 945 | |d 19890828 00:00:00 | ||
| 260 | |a Bilbao |b Mensajero |c 1989 | ||
| 650 | 0 | |a Descripciones y viajes |9 262159 | |
| 651 | 0 | |a Israel |9 314378 | |
| 583 | |a last modification |c 19890828 00:00:00 |k Rodrigo Vera | ||
| 999 | |c 221884 |d 221882 | ||
| 952 | |0 0 |1 0 |4 0 |6 275_690000000000000_LUM_1989 |7 0 |8 A |9 215911 |a BIBTEO |b BIBTEO |d 2019-11-15 |i 2844745 |o 275.69 LUM 1989 |p 2844745 |r 2025-01-17 |w 2019-11-15 |y BK |k ICR | ||